Statistics for NBA The Best Small Forward Rankings

Click here to take the quiz!

General Stats

  • This quiz has been taken 19 times
  • The average score is 7 of 29

Answer Stats

HintAnswer% Correct
Best of the BestLebron James
100%
Elite StarsKevin Durant
78%
Elite StarsKawhi Leonard
78%
Elite StarsJimmy Butler
56%
Quality StartersBrandon Ingram
44%
All-Star CaliberTobias Harris
39%
All-Star CaliberKhris Middleton
39%
Quality StartersAndrew Wiggins
33%
Quality StartersAaron Gordon
33%
All-Star CaliberGordon Hayward
33%
Quality StartersBojan Bogdanovic
33%
Average StartersOtto Porter
28%
Quality StartersRudy Gay
22%
Quality StartersHarrison Barnes
22%
Quality StartersWill Barton
22%
Average StartersKelly Oubre Jr
17%
Quality StartersJae Crowder
11%
Average StartersTim Hardaway Jr
11%
Average StartersT.J. Warren
11%
Quality StartersMarcus Morris
11%
Average StartersOG Anunoby
6%
Average StartersCedi Osman
6%
Average StartersAndre Roberson
6%
Quality StartersRodney Hood
0%
Average StartersDe’Andre Hunter
0%
Average StartersDwayne Bacon
0%
Average StartersDanuel House
0%
Average StartersTony Snell
0%
Average StartersC.J. Miles
0%

Score Distribution

Percentile by Number Answered

Percent of People with Each Score

Your Score History

You have not taken this quiz